000
00294nam a22001337a 4500
008
181002b xxu||||| |||| 00| 0 eng d
020
_a
0791406296
041
_a
eng
080
_a
316
100
_a
50
101
_a
SOC
245
_a
From surviving to thriving
_c
Dinsmore,Ch
942
_2
udc
_c
BK
999
_c
48780
_d
48780